The handbook of aviculture /

Bibliographic Details
Main Author: Woolham, Frank
Format: Book
Language:English
Published: Poole ; New York : Blandford, 1987.
Subjects:

MARC

Tag First Indicator Second Indicator Subfields
LEADER 00000cam a2200000 a 4500
001 in00000033183
005 20151007055140.0
008 870506s1987 enka b 00110 eng d
010 |a gb 87000001  
015 |a GB87-1 
020 |a 071371428X :  |c £40.00 
035 |a (OCoLC)13064317 
035 |9 AAB7403AM 
040 |a UKM  |c UKM  |d OCL  |d TXA  |d UtOrBLW 
049 |a TXAM  |c [A11490689] 
050 1 0 |a QL673 
050 4 |a QL673  |b .W77 1987 
070 0 |a QL673.W6 
080 |a 598.2 
082 0 |a 598  |2 19 
100 1 |a Woolham, Frank. 
245 1 4 |a The handbook of aviculture /  |c Frank Woolham. 
264 1 |a Poole ;  |a New York :  |b Blandford,  |c 1987. 
300 |a 368 pages :  |b illustrations (some color) ;  |c 25 cm. 
336 |a text  |b txt  |2 rdacontent 
337 |a unmediated  |b n  |2 rdamedia 
338 |a volume  |b nc  |2 rdacarrier 
500 |a Includes indexes. 
504 |a Bibliography: page 362. 
650 0 |a Birds. 
653 |a Birds 
999 |a MARS 
999 f f |s 02f9da0e-7dcc-3d58-a11b-274363ae52b9  |i e4aa49f6-671a-3bdb-9ced-d33788af21a0  |t 0 
952 f f |p normal  |a Texas A&M University  |b College Station  |c Sterling C. Evans Library  |s Evans stk  |d Evans: Library Stacks  |t 0  |e QL673 .W77 1987  |h Library of Congress classification  |i unmediated -- volume  |m A14811490689 
998 f f |a QL673 .W77 1987  |t 0  |l Evans: Library Stacks